[Event "Reykjavik Open 2026"]
[Site "Reykjavik ISL"]
[Date "2026.03.28"]
[Round "6.11"]
[White "Razafindratsima, Timothe"]
[Black "Tang, Zoey"]
[Result "1-0"]
[WhiteTitle "IM"]
[BlackTitle "FM"]
[WhiteElo "2504"]
[BlackElo "2366"]
[WhiteFideId "36069884"]
[BlackFideId "30952530"]
[EventDate "2026.03.25"]

1. e4 c5 2. Nf3 d6 3. Bc4 Nf6 4. d3 Nc6 5. O-O e6 6. a4 Be7 7. Bb3 O-O 8. c3 a6
9. Re1 d5 10. e5 Nd7 11. d4 f6 12. Bc2 cxd4 13. exf6 Nxf6 14. cxd4 Nb4 15. Nc3
Nxc2 16. Qxc2 Bd7 17. Ne5 Rc8 18. Qb3 Bd6 19. Bg5 Rc7 20. Bh4 Be8 21. a5 Qc8 22.
Bg3 Qd8 23. Qb6 Nh5 24. Re3 Nxg3 25. hxg3 h5 26. Rae1 Kh7 27. Ne2 Rf6 28. Nf4
Rh6 29. Nf3 Bf7 30. Nxe6 Bxe6 31. Rxe6 Rxe6 32. Rxe6 Rc1+ 33. Kh2 Qxb6 34. axb6
Rc6 35. Ne5 Rxb6 36. Nf7 Rxb2 37. Ng5+ Kg8 38. Rxd6 Rxf2 39. Rxd5 b5 40. Rd7 b4
41. Rb7 a5 42. Rb5 1-0

[Event "Reykjavik Open 2026"]
[Site "Reykjavik ISL"]
[Date "2026.03.28"]
[Round "6.12"]
[White "Yilmaz, Mustafa"]
[Black "Tamas, Christian-Arrydan"]
[Result "1/2-1/2"]
[WhiteTitle "GM"]
[BlackTitle "FM"]
[WhiteElo "2582"]
[BlackElo "2287"]
[WhiteFideId "6302718"]
[BlackFideId "1283740"]
[EventDate "2026.03.25"]

1. d4 Nf6 2. c4 e6 3. Nf3 d5 4. Nc3 h6 5. Bf4 c5 6. e3 cxd4 7. Nxd4 Nc6 8. Be2
dxc4 9. Nxc6 Qxd1+ 10. Kxd1 bxc6 11. Bxc4 Nd5 12. Bg3 Nxc3+ 13. bxc3 f6 14. Rb1
Bc5 15. Kc2 e5 16. Rhe1 Ke7 17. f4 e4 18. f5 a5 19. Rf1 Rd8 20. Bc7 Rd7 21. Bf4
Ba6 22. Bxa6 Rxa6 23. Rb8 Rb6 24. Rxb6 Bxb6 25. Rb1 Ba7 26. Rb3 Bc5 27. Rb8 Rd3
28. Rb7+ Kf8 29. Rb8+ Ke7 30. Rb7+ Kf8 31. Rb8+ 1/2-1/2

[Event "Reykjavik Open 2026"]
[Site "Reykjavik ISL"]
[Date "2026.03.28"]
[Round "6.13"]
[White "Ivanchuk, Vasyl"]
[Black "Soderstrom, Adrian"]
[Result "1-0"]
[WhiteTitle "GM"]
[BlackTitle "FM"]
[WhiteElo "2624"]
[BlackElo "2374"]
[WhiteFideId "14100010"]
[BlackFideId "1745786"]
[EventDate "2026.03.25"]

1. d4 Nf6 2. c4 e6 3. Nc3 d5 4. Bg5 Be7 5. e3 h6 6. Bh4 O-O 7. Qc2 Nbd7 8. cxd5
exd5 9. Bd3 c6 10. f3 Re8 11. Nge2 c5 12. O-O Nf8 13. Qd2 Be6 14. Rad1 c4 15.
Bc2 a6 16. Nf4 b5 17. a3 Rb8 18. Bg3 Rb7 19. b4 cxb3 20. Bxb3 Bxa3 21. Qa2 Bd6
22. Qxa6 Qb6 23. Ra1 Bxf4 24. Bxf4 Rc8 25. Qxb6 Rxb6 26. Na2 Nh5 27. Be5 f6 28.
Bg3 Nxg3 29. hxg3 Ra6 30. Rac1 Rac6 31. Kf2 Rxc1 32. Rxc1 Rxc1 33. Nxc1 Nd7 34.
Ne2 Nb6 35. Nc3 Kf7 36. Nxb5 Ke7 37. g4 Bf7 38. Nc3 Be6 39. Kg3 Kd6 40. Kh4 Bd7
41. Kg3 Bc6 42. Kf2 Ke7 43. Ke1 Kd6 44. Kd2 Bb7 45. Ne2 Nc8 46. Ng3 Ne7 47. Nh5
f5 48. gxf5 Nxf5 49. Bc2 Nh4 50. Nxg7 Nxg2 51. Nf5+ Ke6 52. Ke2 1-0

[Event "Reykjavik Open 2026"]
[Site "Reykjavik ISL"]
[Date "2026.03.28"]
[Round "6.14"]
[White "Balabayeva, Xeniya"]
[Black "Amar, Elham"]
[Result "0-1"]
[WhiteTitle "WGM"]
[BlackTitle "GM"]
[WhiteElo "2365"]
[BlackElo "2581"]
[WhiteFideId "13719688"]
[BlackFideId "1533533"]
[EventDate "2026.03.25"]

1. d4 Nf6 2. c4 g6 3. Nf3 Bg7 4. g3 O-O 5. Bg2 d6 6. O-O c6 7. Nc3 Qb6 8. e4
Nbd7 9. Qe2 e5 10. dxe5 dxe5 11. Be3 Qc7 12. h3 Re8 13. Rfd1 Bf8 14. Rac1 Nc5
15. Nd2 a5 16. Bxc5 Bxc5 17. Na4 Bf8 18. Nf1 Be6 19. Ne3 Qe7 20. a3 h5 21. Qd2
Bh6 22. Nb6 Rad8 23. Qc3 h4 24. Qxe5 Bxe3 25. fxe3 hxg3 26. Qxg3 Rxd1+ 27. Rxd1
Qc5 28. Na4 Qxc4 29. Nc3 Qc5 30. Rd4 Nh5 31. Qh4 Kg7 32. Bf3 Rh8 33. Bxh5 Rxh5
34. Qf4 Bxh3 35. Rd8 Qg5+ 36. Qxg5 Rxg5+ 37. Kh2 Bf1 38. Rd2 Rc5 39. Kg3 b5 40.
Rd4 g5 41. Rd1 Bc4 42. Rd4 Be6 43. Rd2 b4 44. axb4 axb4 45. Ne2 Rc4 46. Kf3 Kf6
47. b3 Rc5 48. Nd4 Rc3 49. Ne2 Rxb3 50. Rc2 Bd7 51. Rc5 Rb1 52. e5+ Ke7 53. Kf2
b3 54. Nc3 Rb2+ 55. Kf3 Rc2 0-1

[Event "Reykjavik Open 2026"]
[Site "Reykjavik ISL"]
[Date "2026.03.28"]
[Round "6.15"]
[White "Warmerdam, Max"]
[Black "Guo, Ethan"]
[Result "1/2-1/2"]
[WhiteTitle "GM"]
[BlackTitle "FM"]
[WhiteElo "2575"]
[BlackElo "2364"]
[WhiteFideId "1048104"]
[BlackFideId "30976359"]
[EventDate "2026.03.25"]

1. e4 c5 2. Nf3 d6 3. d4 cxd4 4. Nxd4 Nf6 5. Nc3 a6 6. Bg5 Nbd7 7. Qd2 Qc7 8.
O-O-O e6 9. f3 b5 10. a3 Bb7 11. g4 Rc8 12. Kb1 h6 13. Bh4 Be7 14. Bg3 Ne5 15.
Be2 Nfd7 16. Nb3 Nb6 17. Na5 O-O 18. h4 Rfd8 19. g5 h5 20. Rhf1 Nbc4 21. Nxc4
Nxc4 22. Bxc4 Qxc4 23. Qd3 g6 24. Qxc4 Rxc4 25. Rd3 f6 26. gxf6 1/2-1/2

[Event "Reykjavik Open 2026"]
[Site "Reykjavik ISL"]
[Date "2026.03.28"]
[Round "6.16"]
[White "Andersen, Mads"]
[Black "Domalchuk-Jonasson, Aleksandr"]
[Result "1-0"]
[WhiteTitle "GM"]
[BlackTitle "IM"]
[WhiteElo "2562"]
[BlackElo "2362"]
[WhiteFideId "1413864"]
[BlackFideId "14142805"]
[EventDate "2026.03.25"]

1. d4 d5 2. c4 e6 3. Nf3 Nf6 4. g3 dxc4 5. Bg2 c5 6. O-O Nc6 7. dxc5 Qxd1 8.
Rxd1 Bxc5 9. Nbd2 c3 10. bxc3 O-O 11. Nb3 Be7 12. Nfd4 Nxd4 13. cxd4 Nd5 14. Bd2
f5 15. Na5 b6 16. Nc6 Bd6 17. Bxd5 exd5 18. Bb4 Bxb4 19. Nxb4 Bb7 20. a4 Rac8
21. e3 Kf7 22. a5 Ke6 23. axb6 axb6 24. Ra7 Rf7 25. Rb1 Ra8 26. Rxa8 Bxa8 27.
Nd3 Rb7 28. Kg2 g5 29. Kf3 Kf6 30. h4 h6 31. hxg5+ hxg5 32. Rh1 Rb8 33. Rh6+ Kg7
34. Rd6 b5 35. Nb4 Kf7 36. g4 Ke7 37. Ra6 Bb7 38. Ra5 fxg4+ 39. Kg3 Ba8 40. Kxg4
Rg8 41. Rxb5 Kd6 42. Kg3 Rg7 43. Rb6+ Kc7 44. Rh6 Bb7 45. Na6+ Kd8 46. Nc5 Bc8
47. Ne6+ Bxe6 48. Rxe6 Kd7 49. Re5 Kd6 50. Kg4 Rf7 51. Rf5 1-0

[Event "Reykjavik Open 2026"]
[Site "Reykjavik ISL"]
[Date "2026.03.28"]
[Round "6.17"]
[White "Spitzl, Vinzent"]
[Black "Tiglon, Bryce"]
[Result "1/2-1/2"]
[WhiteTitle "FM"]
[BlackTitle "GM"]
[WhiteElo "2356"]
[BlackElo "2550"]
[WhiteFideId "12901253"]
[BlackFideId "2087456"]
[EventDate "2026.03.25"]

1. e4 e6 2. d4 d5 3. e5 c5 4. c3 Nc6 5. Nf3 Bd7 6. Be2 Nge7 7. Na3 Nf5 8. Nc2
cxd4 9. cxd4 Be7 10. O-O O-O 11. Bd2 Rc8 12. Bc3 f6 13. exf6 Bxf6 14. Nb4 Qb6
15. Nxc6 Bxc6 16. Re1 Be8 17. h3 Bg6 18. Bf1 Ne7 19. Bd3 Qd6 20. a3 Qd7 21. Bb4
Bxd3 22. Qxd3 Rfe8 23. Bxe7 Rxe7 24. Rac1 Ree8 25. g3 Rxc1 26. Rxc1 Rc8 27.
Rxc8+ Qxc8 28. Qe3 h6 29. Kg2 Qc6 30. h4 Qe8 31. Ne5 Be7 32. Nd3 Bd6 33. Nf4
Bxf4 1/2-1/2

[Event "Reykjavik Open 2026"]
[Site "Reykjavik ISL"]
[Date "2026.03.28"]
[Round "6.18"]
[White "Can, Emre"]
[Black "Papasimakopoulos, Alexandros"]
[Result "1/2-1/2"]
[WhiteTitle "GM"]
[BlackTitle "IM"]
[WhiteElo "2541"]
[BlackElo "2360"]
[WhiteFideId "6302181"]
[BlackFideId "4244125"]
[EventDate "2026.03.25"]

1. e4 e6 2. d4 d5 3. Nc3 Bb4 4. e5 b6 5. h4 Ne7 6. h5 h6 7. Qg4 Nf5 8. Bd3 O-O
9. Ne2 c5 10. Bxf5 exf5 11. Qg3 Kh8 12. a3 Bxc3+ 13. Qxc3 Nc6 14. Be3 c4 15. f3
b5 16. Qd2 Kh7 17. Nf4 a5 18. g4 Ra6 19. Qg2 f6 20. e6 fxg4 21. Qxg4 Ne7 22. Rg1
Rg8 23. Kf2 Qd6 24. Rae1 Bxe6 25. Qg2 Bf5 26. Ng6 Ra7 27. Bf4 Qd8 28. Re2 b4 29.
Nh4 g5 30. hxg6+ Nxg6 31. Nxf5 Nxf4 32. Qh2 Rxg1 33. Qxh6+ Kg8 34. Qxf4 Rg5 35.
axb4 axb4 36. Re6 Kf7 37. Rc6 Kg6 38. Ne3 Rf7 39. Ng4 Rf8 40. Rd6 Qe7 41. Ne5+
Kh6 42. Nd7 Kg6 43. Ne5+ Kh6 44. Nd7 Kg6 45. Ne5+ 1/2-1/2

[Event "Reykjavik Open 2026"]
[Site "Reykjavik ISL"]
[Date "2026.03.28"]
[Round "6.19"]
[White "Maze, Sebastien"]
[Black "Singh, Siddharth"]
[Result "1/2-1/2"]
[WhiteTitle "GM"]
[WhiteElo "2530"]
[BlackElo "2342"]
[WhiteFideId "613762"]
[BlackFideId "39907023"]
[EventDate "2026.03.25"]

1. e4 c5 2. Nf3 d6 3. Bb5+ Bd7 4. c4 Nf6 5. Nc3 g6 6. d4 cxd4 7. Nxd4 Bg7 8. Be3
O-O 9. f3 a6 10. Bxd7 Nbxd7 11. Rc1 Rc8 12. b3 e6 13. Nde2 Qe7 14. O-O Ne5 15.
Qd2 Rfd8 16. Rfd1 Nc6 17. Nf4 Qe8 18. Qf2 h6 19. Bb6 Rd7 20. Na4 g5 21. Nd3 Re7
22. Nc3 Nd7 23. Be3 Bxc3 24. Rxc3 d5 25. cxd5 exd5 26. Nc5 Nxc5 27. Bxc5 d4 28.
Rcd3 Rd7 29. Bxd4 Qd8 30. h3 b5 31. R3d2 Nxd4 32. Rxd4 Rxd4 33. Qxd4 Qxd4+ 34.
Rxd4 Rc2 35. a4 bxa4 36. bxa4 Ra2 37. Rd6 Rxa4 38. Rxh6 Kg7 39. Rb6 Ra2 40. Kh2
f6 41. Rb7+ Kg6 42. Re7 a5 43. Re6 Kf7 44. Ra6 Kg7 45. Ra7+ Kg6 46. Kg3 Kh6 47.
Re7 Kg6 48. Ra7 Kh6 49. Rb7 Kg6 50. Rb5 a4 51. e5 fxe5 52. Rxe5 Rb2 53. Ra5 Rb4
54. Kh2 Rc4 55. g4 Rc3 56. Kg3 a3 57. Rf5 Rb3 58. Ra5 Rc3 59. Kf2 Rb3 60. Kg2
Kh6 61. Ra6+ Kg7 62. Ra7+ Kg6 63. Ra6+ Kg7 64. Ra4 Kg6 65. f4 Rb2+ 66. Kf3 Rb3+
67. Ke4 gxf4 68. Kxf4 Rxh3 69. Ra6+ Kf7 70. Kg5 Rb3 71. Ra7+ Kg8 72. Kh5 Rb5+
73. g5 Rb6 74. Rxa3 Rc6 1/2-1/2

[Event "Reykjavik Open 2026"]
[Site "Reykjavik ISL"]
[Date "2026.03.28"]
[Round "6.20"]
[White "Thorfinnsson, Bjorn"]
[Black "Suleymenov, Alisher"]
[Result "0-1"]
[WhiteTitle "IM"]
[BlackTitle "GM"]
[WhiteElo "2335"]
[BlackElo "2523"]
[WhiteFideId "2300982"]
[BlackFideId "13707833"]
[EventDate "2026.03.25"]

1. d4 Nf6 2. Nf3 g6 3. Bg5 Bg7 4. e3 c5 5. c3 O-O 6. Nbd2 cxd4 7. exd4 h6 8. Bh4
d6 9. Be2 Nc6 10. O-O e5 11. Bxf6 Qxf6 12. Ne4 Qe7 13. dxe5 dxe5 14. Qd6 Rd8 15.
Qxe7 Nxe7 16. Rfd1 Be6 17. Rxd8+ Rxd8 18. Nc5 Bd5 19. Rd1 Rc8 20. Nb3 f5 21. Bb5
Kf7 22. Nc1 g5 23. Ba4 g4 24. Ne1 h5 25. Bb3 Ke6 26. Ne2 Bh6 27. g3 a5 28. Nc2
b5 29. Na3 Rc5 30. Nxb5 Bxb3 31. Rd6+ Kf7 32. axb3 Rxb5 33. Rxh6 Rxb3 34. Nc1
Rxb2 35. Nd3 Rb1+ 36. Kg2 e4 37. Ne5+ Kg7 38. Ra6 Rb5 39. Nc4 Rc5 40. Ne3 h4 41.
c4 h3+ 42. Kf1 Nc6 43. Ke1 Nb4 44. Rb6 Nd3+ 45. Ke2 a4 46. Kd2 a3 47. Ra6 Nxf2
48. Ke2 Nd3 49. Rxa3 Kg6 50. Ra6+ Kg5 51. Kd2 f4 52. gxf4+ Nxf4 53. Kc3 Ne2+ 54.
Kb4 Rc8 55. Ra2 Nd4 56. Ra5+ Kf4 57. Nd5+ Kf3 58. Ra3+ Kf2 59. Ra2+ Kg1 60. Nf6
g3 61. Nxe4 g2 62. Ra1+ Kxh2 63. Ra2 Re8 64. Ng5 Re5 0-1

[Event "Reykjavik Open 2026"]
[Site "Reykjavik ISL"]
[Date "2026.03.28"]
[Round "6.21"]
[White "Chasin, Nico"]
[Black "Brzezina, Piotr"]
[Result "1-0"]
[WhiteTitle "IM"]
[BlackTitle "FM"]
[WhiteElo "2523"]
[BlackElo "2328"]
[WhiteFideId "30908477"]
[BlackFideId "21078874"]
[EventDate "2026.03.25"]

1. d4 Nf6 2. c4 e6 3. Nf3 b6 4. g3 Bb7 5. Bg2 Be7 6. O-O O-O 7. Re1 Na6 8. h4 h6
9. Nc3 Ne4 10. Bd2 d6 11. Nh2 Nxc3 12. Bxc3 Bxg2 13. Kxg2 c5 14. d5 Bf6 15. Rc1
Bxc3 16. Rxc3 exd5 17. cxd5 b5 18. e4 c4 19. a4 Rb8 20. Ng4 Nc5 21. axb5 Rxb5
22. Rxc4 Rxb2 23. e5 Qb6 24. e6 fxe6 25. dxe6 Qb7+ 26. Kg1 Qe7 27. Qd5 a5 28. f4
Rb3 29. Kh2 Rd3 30. Qh5 Rd2+ 31. Kh3 Nd3 32. Qg6 Qb7 33. Rce4 Nxe1 34. Nxh6+ Kh8
35. Nf7+ Kg8 36. Ng5 Rh2+ 37. Kxh2 Qb2+ 38. Kh3 Qg2+ 39. Kg4 Rxf4+ 40. Kh5 Qxg3
41. Qh7+ 1-0

[Event "Reykjavik Open 2026"]
[Site "Reykjavik ISL"]
[Date "2026.03.28"]
[Round "6.22"]
[White "Prraneeth, Vuppala"]
[Black "Wang, Qibiao"]
[Result "1-0"]
[WhiteTitle "GM"]
[WhiteElo "2515"]
[BlackElo "2332"]
[WhiteFideId "46622373"]
[BlackFideId "8604282"]
[EventDate "2026.03.25"]

1. e4 e5 2. Nf3 Nc6 3. Bb5 a6 4. Ba4 Nf6 5. O-O Be7 6. d3 b5 7. Bb3 O-O 8. Nc3
d6 9. a3 Na5 10. Ba2 c5 11. b4 Nc6 12. Nd5 Be6 13. Nxf6+ Bxf6 14. Bxe6 fxe6 15.
bxc5 dxc5 16. Be3 Nd4 17. Nd2 Be7 18. a4 Qd7 19. c3 Nc6 20. Nb3 c4 21. axb5 axb5
22. dxc4 Qxd1 23. Rfxd1 bxc4 24. Nd2 Na5 25. f3 Rfc8 26. Ra2 Nb3 27. Rxa8 Rxa8
28. Nxc4 Rc8 29. Rb1 Rxc4 30. Rxb3 Bc5 31. Kf2 Kf7 32. Bxc5 Rxc5 33. Ke3 h5 34.
Kd3 Ra5 35. Kc2 Ra1 36. Rb1 Ra2+ 37. Rb2 Ra1 38. c4 Rg1 39. Kc3 g5 40. Kb4 g4
41. c5 Ke7 42. Kb5 Kd7 43. Kb6 Kc8 44. Ra2 Kb8 45. fxg4 hxg4 46. Kc6 Re1 47. Kd7
Rxe4 48. Rb2+ Ka7 49. c6 Rd4+ 50. Kxe6 e4 51. c7 Rc4 52. Kd7 Rd4+ 53. Kc8 Ra4
54. Rc2 1-0

[Event "Reykjavik Open 2026"]
[Site "Reykjavik ISL"]
[Date "2026.03.28"]
[Round "6.23"]
[White "Gupta, Abhijeet"]
[Black "Holinka, Henning"]
[Result "1/2-1/2"]
[WhiteTitle "GM"]
[BlackTitle "FM"]
[WhiteElo "2506"]
[BlackElo "2324"]
[WhiteFideId "5010608"]
[BlackFideId "12967084"]
[EventDate "2026.03.25"]

1. Nf3 d5 2. d4 Nf6 3. Bf4 c5 4. e3 e6 5. c3 Bd6 6. Bd3 Qc7 7. Bxd6 Qxd6 8. Ne5
O-O 9. Nd2 b6 10. Qe2 Bb7 11. h4 Nbd7 12. Ndf3 Ne4 13. h5 f6 14. Nxd7 Qxd7 15.
h6 g6 16. Rd1 Nd6 17. dxc5 bxc5 18. O-O Nf7 19. e4 Nxh6 20. exd5 Bxd5 21. Be4
Qc6 22. Bxd5 exd5 23. Qd2 Nf7 24. Qxd5 Qb6 25. Qc4 Qxb2 26. Rb1 Qa3 27. Nd2 Kh8
28. Ne4 Ne5 29. Qe6 Rae8 30. Qd6 Nc4 31. Qf4 Nb6 32. Rbe1 Qa4 33. Qh6 Qc6 34.
Re2 Nd7 35. Rfe1 Ne5 36. Ng5 Qd7 37. f4 fxg5 38. Rxe5 Kg8 39. Qxg5 Rxe5 40. Rxe5
Qf7 41. Rxc5 Qxf4 42. Qxf4 Rxf4 43. c4 Rf7 44. a4 Kg7 45. Kh2 Kf6 46. Kg3 Ke6
47. Kg4 Kd6 48. Ra5 Rc7 49. Kg5 Rc5+ 50. Rxc5 Kxc5 51. Kh6 Kxc4 52. Kxh7 Kb4 53.
Kxg6 Kxa4 54. g4 Kb4 55. g5 a5 56. Kf5 a4 57. g6 a3 58. g7 a2 59. g8=Q a1=Q 60.
Qb8+ Ka3 61. Qa7+ Kb2 62. Qd4+ Kb1 63. Qd1+ Kb2 64. Qxa1+ Kxa1 65. Ke4 1/2-1/2

[Event "Reykjavik Open 2026"]
[Site "Reykjavik ISL"]
[Date "2026.03.28"]
[Round "6.24"]
[White "Yip, Carissa"]
[Black "Kejna, Piotr"]
[Result "1-0"]
[WhiteTitle "IM"]
[BlackTitle "FM"]
[WhiteElo "2486"]
[BlackElo "2310"]
[WhiteFideId "2090732"]
[BlackFideId "21821704"]
[EventDate "2026.03.25"]

1. e4 c5 2. Nf3 d6 3. d4 cxd4 4. Nxd4 Nf6 5. Nc3 Nc6 6. Bg5 Bd7 7. f4 Rc8 8. Nf3
Qa5 9. Qd2 h6 10. Bh4 g5 11. fxg5 hxg5 12. Bxg5 Bg7 13. Bd3 Ng4 14. h3 Nge5 15.
Nd5 Nxf3+ 16. gxf3 Qxd2+ 17. Kxd2 Rxh3 18. Rxh3 Bxh3 19. Bb5 f6 20. Be3 a6 21.
Be2 Be6 22. Rg1 Kf8 23. b3 Bf7 24. c4 e6 25. Nb6 Rd8 26. Kc1 Ne7 27. Rd1 f5 28.
Bf4 e5 29. Bg5 fxe4 30. fxe4 Ke8 31. Nd5 Nxd5 32. exd5 Rc8 33. Kd2 Rb8 34. Ke3
Kd7 35. Rf1 Bg6 36. Bd3 e4 37. Be2 Rh8 38. Bg4+ Kc7 39. Bf4 b6 40. b4 Rd8 41. c5
bxc5 42. bxc5 Bc3 43. Rc1 Be5 44. cxd6+ Kxd6 45. Rc6+ Kxd5 46. Rxg6 Bd4+ 47. Ke2
Rf8 48. Be3 Bf6 49. Bh6 Rf7 50. Bg5 Rg7 51. Rxf6 Rxg5 52. Rf5+ 1-0

[Event "Reykjavik Open 2026"]
[Site "Reykjavik ISL"]
[Date "2026.03.28"]
[Round "6.25"]
[White "Kurmangaliyeva, Liya"]
[Black "Chen, Qi b"]
[Result "1/2-1/2"]
[WhiteTitle "FM"]
[BlackTitle "IM"]
[WhiteElo "2319"]
[BlackElo "2484"]
[WhiteFideId "13725831"]
[BlackFideId "8614733"]
[EventDate "2026.03.25"]

1. e4 g6 2. d4 Bg7 3. Nc3 a6 4. Be3 b5 5. Qd2 Bb7 6. f3 d5 7. Nxd5 Bxd5 8. exd5
Nf6 9. O-O-O Qxd5 10. Kb1 Nbd7 11. Ne2 Nb6 12. Nc3 Qc6 13. Bd3 Nbd5 14. Nxd5
Nxd5 15. Bh6 Bxh6 16. Qxh6 O-O-O 17. Rhe1 Qf6 18. Be4 Rd7 19. Bxd5 Rxd5 20. Qe3
Rhd8 21. Qxe7 Qxe7 22. Rxe7 Rxd4 23. Rxd4 Rxd4 1/2-1/2

[Event "Reykjavik Open 2026"]
[Site "Reykjavik ISL"]
[Date "2026.03.28"]
[Round "6.26"]
[White "Batsiashvili, Nino"]
[Black "Yu, Jennifer"]
[Result "1-0"]
[WhiteTitle "GM"]
[BlackTitle "FM"]
[WhiteElo "2472"]
[BlackElo "2299"]
[WhiteFideId "13602993"]
[BlackFideId "2078341"]
[EventDate "2026.03.25"]

1. d4 d5 2. c4 e6 3. Nf3 Nf6 4. Nc3 Nbd7 5. cxd5 exd5 6. Bg5 c6 7. e3 h6 8. Bh4
Be7 9. Bd3 Ne4 10. Bxe7 Qxe7 11. Qc2 Ndf6 12. Ne5 O-O 13. O-O Bf5 14. f3 Nxc3
15. Bxf5 Nb5 16. Rfe1 a5 17. Rad1 Rad8 18. Qf2 Rfe8 19. Bb1 Nc7 20. Qd2 a4 21.
a3 Ne6 22. Qc2 Ra8 23. Nd3 g6 24. Nb4 Nh5 25. Qf2 Ra5 26. Bc2 Qd6 27. Rf1 Ra7
28. e4 Nhf4 29. e5 Qe7 30. Kh1 f5 31. g3 Nh3 32. Qg2 Nhg5 33. h4 Nh7 34. h5 Qg5
35. hxg6 Nhf8 36. f4 Qg4 37. Rd2 h5 38. Qg1 Ng7 39. Rh2 Qxg6 40. Qe3 Nfe6 41.
Kg2 Kf7 42. Kf2 Rc8 43. Rd1 b6 44. Qf3 Ke7 45. Rd2 Kd7 46. Qc3 Rcc7 47. Bd1 Ra8
48. Bf3 Rg8 49. Rh3 Rcc8 50. Rd1 Rh8 51. Rh4 Nc7 52. Qc2 b5 53. Qc5 Nce6 54.
Qd6+ Ke8 55. Nxc6 1-0

[Event "Reykjavik Open 2026"]
[Site "Reykjavik ISL"]
[Date "2026.03.28"]
[Round "6.27"]
[White "Agmanov, Zhandos"]
[Black "Briem, Benedikt"]
[Result "1-0"]
[WhiteTitle "IM"]
[BlackTitle "CM"]
[WhiteElo "2463"]
[BlackElo "2233"]
[WhiteFideId "13708309"]
[BlackFideId "2315432"]
[EventDate "2026.03.25"]

1. e4 e5 2. Nf3 Nc6 3. Bc4 Bc5 4. c3 Nf6 5. d3 O-O 6. Bg5 h6 7. Bh4 Be7 8. Nbd2
d6 9. a4 a5 10. Bg3 Nd7 11. O-O Bf6 12. Re1 Nc5 13. Nf1 Be6 14. Ne3 Bxc4 15.
Nxc4 Ne6 16. Ne3 g6 17. Qb3 Rb8 18. Rad1 Ng5 19. Nd2 Kh7 20. Qc4 h5 21. h4 Ne6
22. Nf3 Qe8 23. d4 exd4 24. cxd4 Nb4 25. Nd5 Bd8 26. Nc3 Qc6 27. Qb3 Ng7 28. Nb5
f5 29. Rc1 Qd7 30. Ng5+ Bxg5 31. Rxc7 Qd8 32. exf5 Rxf5 33. hxg5 Nd5 34. Nxd6
Nxc7 35. Nxf5 gxf5 36. Qf7 Rc8 37. Re7 Ne6 38. Qxe6 Rc1+ 39. Kh2 1-0

[Event "Reykjavik Open 2026"]
[Site "Reykjavik ISL"]
[Date "2026.03.28"]
[Round "6.28"]
[White "Ruiz Buendia, Miguel"]
[Black "Sochacki, Christophe"]
[Result "0-1"]
[WhiteTitle "FM"]
[BlackTitle "GM"]
[WhiteElo "2279"]
[BlackElo "2459"]
[WhiteFideId "24537675"]
[BlackFideId "662569"]
[EventDate "2026.03.25"]

1. e4 c5 2. Nf3 Nc6 3. Bb5 d5 4. exd5 Qxd5 5. O-O Bg4 6. Nc3 Qf5 7. Bxc6+ bxc6
8. d3 Nf6 9. Re1 Bxf3 10. Qxf3 Qxf3 11. gxf3 e6 12. Na4 Rd8 13. Nc3 Nd5 14. Re4
Nb4 15. Re2 Be7 16. a3 Nd5 17. Re4 Rd7 18. Bd2 O-O 19. Rae1 Rb8 20. Na4 Nf6 21.
Rc4 Rd5 22. Be3 Nd7 23. Bf4 Rb7 24. Rce4 Nf6 25. Rc4 Nd7 26. Rce4 h5 27. b3 Rf5
28. Kg2 Nf8 29. h3 g5 30. Bg3 Rd5 31. Nc3 f5 32. Nxd5 cxd5 33. Ra4 f4 34. Bh2 h4
35. Bxf4 gxf4 36. Rxf4 Ng6 37. Rg4 Kf7 38. f4 Bf6 39. Rxg6 Kxg6 40. Rxe6 Re7 41.
Rd6 Re2 42. Kf3 Rxc2 43. Rxd5 a5 44. Kg4 Rc3 45. a4 Bd4 46. Rd6+ Kf7 47. Kf5
Rxd3 48. Rd7+ Ke8 49. Rb7 Bxf2 50. Ke6 Re3+ 51. Kf6 Rxh3 52. f5 Bd4+ 53. Ke6
Re3+ 54. Kd6 h3 0-1

[Event "Reykjavik Open 2026"]
[Site "Reykjavik ISL"]
[Date "2026.03.28"]
[Round "6.29"]
[White "Garifullina, Leya"]
[Black "Willy, Stephen"]
[Result "1-0"]
[WhiteTitle "IM"]
[BlackTitle "FM"]
[WhiteElo "2454"]
[BlackElo "2290"]
[WhiteFideId "34127035"]
[BlackFideId "30981468"]
[EventDate "2026.03.25"]

1. e4 e6 2. d4 d5 3. Nc3 Nf6 4. e5 Nfd7 5. f4 c5 6. Nf3 Nc6 7. Be3 Be7 8. Qd2
O-O 9. dxc5 Qa5 10. O-O-O b6 11. Bb5 Nb4 12. a3 bxc5 13. Bxd7 Bxd7 14. axb4 cxb4
15. Nb1 Rfc8 16. Nd4 Qa1 17. f5 exf5 18. Rdf1 a5 19. Nxf5 Bxf5 20. Rxf5 b3 21.
c3 a4 22. Rxf7 d4 23. Rxe7 dxc3 24. bxc3 Rab8 25. Bd4 a3 26. e6 1-0

[Event "Reykjavik Open 2026"]
[Site "Reykjavik ISL"]
[Date "2026.03.28"]
[Round "6.30"]
[White "De Vleeschauwer, Maarten"]
[Black "Panchanathan, Magesh Chandran"]
[Result "0-1"]
[WhiteTitle "FM"]
[BlackTitle "GM"]
[WhiteElo "2277"]
[BlackElo "2440"]
[WhiteFideId "214809"]
[BlackFideId "5007429"]
[EventDate "2026.03.25"]

1. d4 Nf6 2. c4 e6 3. Nf3 d5 4. g3 Be7 5. Bg2 O-O 6. O-O dxc4 7. Qc2 a6 8. a4
Bd7 9. Rd1 Bc6 10. Nc3 Bxf3 11. Bxf3 Nc6 12. Bxc6 bxc6 13. Bg5 a5 14. Bxf6 Bxf6
15. Ne4 Rb8 16. e3 Rb4 17. Nc5 Qc8 18. Ne4 Rd8 19. Rac1 Qb7 20. Qe2 Be7 21. Rxc4
Rxb2 22. Qf3 c5 23. Rdc1 f5 24. Nd2 Qd5 25. Rxc5 Bxc5 26. Rxc5 Qa8 27. Qxa8 Rxa8
28. Nc4 Ra2 29. Nxa5 Rxa4 30. Nc4 R8a7 31. Ne5 g6 32. Kg2 Ra2 33. h3 Rd2 34. g4
Raa2 35. Kg3 Rxf2 36. Kh4 Rac2 0-1

[Event "Reykjavik Open 2026"]
[Site "Reykjavik ISL"]
[Date "2026.03.28"]
[Round "6.31"]
[White "Vojtek, Vladimir"]
[Black "Baskin, Robert"]
[Result "1/2-1/2"]
[WhiteTitle "FM"]
[BlackTitle "IM"]
[WhiteElo "2211"]
[BlackElo "2435"]
[WhiteFideId "14901919"]
[BlackFideId "24662402"]
[EventDate "2026.03.25"]

1. e4 c5 2. Nf3 d6 3. d4 cxd4 4. Nxd4 Nf6 5. Nc3 a6 6. Rg1 e5 7. Nb3 h5 8. h3
Be6 9. g4 hxg4 10. hxg4 d5 11. g5 Nxe4 12. Nxe4 dxe4 13. Qxd8+ Kxd8 14. Be3 Nd7
15. Bg2 Bf5 16. Nd2 Bc5 17. Nxe4 Bxe3 18. fxe3 Kc7 19. O-O-O Be6 20. Nd6 Nc5 21.
Ne4 Nxe4 22. Bxe4 Rh4 23. Bd5 Re8 24. Rgf1 Bxd5 25. Rxd5 Re7 26. Rd2 Rh3 27.
Rdf2 Rxe3 28. Rxf7 Rxf7 29. Rxf7+ Kc6 30. Rxg7 Rg3 31. Kd2 e4 32. Re7 Rxg5 33.
Rxe4 a5 34. a4 Rg6 35. Kc3 Rg3+ 36. Kc4 Rg2 37. Kd3 Rg3+ 38. Re3 Rg6 39. b3 Rh6
40. Re4 b6 41. Kc4 Rg6 42. Rh4 Rf6 43. c3 Rg6 44. b4 axb4 45. Kxb4 Rf6 46. Rh7
Rf4+ 47. c4 Rf5 48. Rh6+ Kb7 49. Rd6 Rf1 1/2-1/2

[Event "Reykjavik Open 2026"]
[Site "Reykjavik ISL"]
[Date "2026.03.28"]
[Round "6.32"]
[White "Mannion, Stephen R"]
[Black "Injac, Teodora"]
[Result "1/2-1/2"]
[WhiteTitle "IM"]
[BlackTitle "IM"]
[WhiteElo "2202"]
[BlackElo "2417"]
[WhiteFideId "2400111"]
[BlackFideId "932400"]
[EventDate "2026.03.25"]

1. e4 c5 2. Nf3 Nc6 3. d4 cxd4 4. Nxd4 e5 5. Nb5 d6 6. c4 g6 7. Bd3 Nf6 8. O-O
Bg7 9. N5c3 O-O 10. Bg5 h6 11. Bd2 Nd4 12. Nd5 Nxd5 13. cxd5 Bd7 14. Nc3 Rc8 15.
Ne2 Bg4 16. f3 Qb6 17. Kh1 Bd7 18. Nxd4 Qxd4 19. Bc3 Qb6 20. Qd2 1/2-1/2